Statistics for Food Chains With The Most Locations in the U.S.

Click here to take the quiz!

General Stats

  • This quiz has been taken 49 times
  • The average score is 4 of 10

Answer Stats

# of locationsAnswer% Correct
13,530McDonald's
100%
16,386Starbucks
77%
20,603Subway
77%
7,877Taco Bell
60%
28,776Dunkin' Donuts
49%
9,4927-Eleven
9%
6,898Domino's Pizza
2%
9,298Ginger People
2%
9,588Hunt Brothers Pizza
2%
18,278Mary's Gone Crackers
2%

Score Distribution

Percentile by Number Answered

Percent of People with Each Score

Your Score History

You have not taken this quiz